00716nam a22002177a 4500003000400000005001700004008004100021020001800062040000800080082002100088100002000109245010400129250001200233260006500245300002700310504005100337650005100388650002100439700002100460700001700481OSt20150408114103.0110907s 2010enka f b 00| 0 eng d a9780077125363 beng 221a005.1bB S O aBennett, Simon  aObject-oriented systems analysis and design :busing UML /cSimon Bennett; Steve McRobb; Ray Farmer a4th ed. aMaidenhead, Berkshire :bMcGraw-Hill Higher Education,c2010 axxiii :bill ;c26 cm. aIncludes bibliographical references and index. aObject-oriented programming (Computer science) aSystem analysis. a McRobb, Steve  aFarmer, Ray